000 00685nam a22002057a 4500
005 20251108173356.0
008 250721s2005 xx 000 0 ara d
020 _a9773820130
082 1 4 _aم/811.603/ضيف
100 1 _aضيف، عبد الستار محمد
245 1 0 _aشعر الزهد في العصر العباسي (من قيام دولة بني بويه ... /
250 _aمزيدة و منقحة
264 1 _aالقاهره :
_bمؤسسة المختار للنشر و التوزيع،
_c2005.
300 _a684ص.
650 1 7 _aالشعر العربي
650 1 7 _aالزهد
650 1 7 _aالعصر العباسي
942 _2ddc
_cREF
999 _c102450
_d102450